Del Orinoco al Amazonas: viaje a las regiones equinocciales del Nuevo Continente
Zapisane w:
| 1. autor: | |
|---|---|
| Format: | Książka |
| Język: | hiszpański |
| Wydane: |
Barcelona
Guadarrama
1982
|
| Seria: | Colección Guadarrama. Punto Omega, 262
|
| Hasła przedmiotowe: | |
| Etykiety: |
Dodaj etykietę
Nie ma etykietki, Dołącz pierwszą etykiete!
|
MARC
| LEADER | 00000nam a2200000 a 4500 | ||
|---|---|---|---|
| 001 | UCV9893 | ||
| 003 | CL-VaPUC | ||
| 008 | 930713e19820000SP |||||||||||||||||spa|d | ||
| 082 | 0 | 4 | |a 910.4 |b HUM |2 21 |
| 100 | 0 | |a Humboldt, Alexander von |e author |9 268688 | |
| 245 | 1 | 0 | |a Del Orinoco al Amazonas: viaje a las regiones equinocciales del Nuevo Continente |
| 300 | |a 396 p | ||
| 942 | |c BK | ||
| 945 | |d 19930713 00:00:00 | ||
| 260 | |a Barcelona |b Guadarrama |c 1982 | ||
| 650 | 0 | |a Descripciones y viajes |9 262159 | |
| 651 | 7 | |a RIO ORINOCO, VENEZUELA |2 CL-VaPUC |9 268844 | |
| 651 | 7 | |a RIO AMAZONAS, VALLE |2 CL-VaPUC |9 268845 | |
| 583 | |a last modification |c 19930713 00:00:00 |k Rodrigo Vera | ||
| 490 | 0 | |a Colección Guadarrama. Punto Omega, 262 | |
| 999 | |c 215165 |d 215163 | ||
| 952 | |0 0 |1 0 |4 0 |6 910_400000000000000_HUM_1982 |7 0 |8 A |9 199181 |a BIBARQ |b BIBARQ |d 2019-11-14 |i 2664992 |o 910.4 HUM 1982 |p 2664992 |r 2025-01-20 |w 2019-11-14 |y BK |k ARQ | ||